An introduction to literature, criticism and theory / (Record no. 83929)
[ view plain ]
| 000 -LEADER | |
|---|---|
| fixed length control field | 00862nam a2200265 a 4500 |
| 001 - CONTROL NUMBER | |
| control field | 83929 |
| 003 - CONTROL NUMBER IDENTIFIER | |
| rucl marc code | BD-RjUL |
| 005 - DATE AND TIME OF LATEST TRANSACTION | |
| control field | 20240627123738.0 |
| 008 - FIXED-LENGTH DATA ELEMENTS--GENERAL INFORMATION | |
| fixed length control field | 240627s2023 enk||||| |||| 00| 0 eng d |
| 020 ## - INTERNATIONAL STANDARD BOOK NUMBER | |
| International Standard Book Number | 9781138119024 (hbk) |
| 035 ## - SYSTEM CONTROL NUMBER | |
| System control number | (BD-RjUL)83929 |
| 040 ## - CATALOGING SOURCE | |
| Original cataloging agency | BD-RjUL |
| Language of cataloging | eng |
| Transcribing agency | BD-RjUL |
| 041 ## - LANGUAGE CODE | |
| Language code of text/sound track or separate title | eng |
| 082 ## - DEWEY DECIMAL CLASSIFICATION NUMBER | |
| Edition number | 23 |
| Classification number | 800 |
| Author mark and year | BEI 2023 |
| 100 ## - MAIN ENTRY--PERSONAL NAME | |
| Personal name | Bennett, Andrew |
| 9 (RLIN) | 13370 |
| 245 ## - TITLE STATEMENT | |
| Title | An introduction to literature, criticism and theory / |
| Statement of responsibility, etc. | Andrew Bennett and Nicholas Royle. |
| 250 ## - EDITION STATEMENT | |
| Edition statement | Sixth edition. |
| 260 ## - PUBLICATION, DISTRIBUTION, ETC. (IMPRINT) | |
| Place of publication, distribution, etc. | London : |
| Name of publisher, distributor, etc. | Outledge, Taylor & Francis Group, |
| Date of publication, distribution, etc. | 2023 |
| 300 ## - PHYSICAL DESCRIPTION | |
| Pagination | xv, 523 pages ; |
| Size | 24 cm. |
| 504 ## - BIBLIOGRAPHY, ETC. NOTE | |
| Bibliography, etc | Includes bibliographical references and index. |
| 650 ## - SUBJECT ADDED ENTRY--TOPICAL TERM | |
| Topical term or geographic name as entry element | Literature |
| General subdivision | History and criticism |
| -- | Theory |
| 9 (RLIN) | 13371 |
| Topical term or geographic name as entry element | Criticism, interpretation, etc |
| 700 ## - ADDED ENTRY--PERSONAL NAME | |
| Personal name | Royle, Nicholas |
| 942 ## - ADDED ENTRY ELEMENTS (KOHA) | |
| Source of classification or shelving scheme | Dewey Decimal Classification |
| Koha item type | Books |
| Lost status | Source of classification or shelving scheme | Damaged status | Not for loan | Collection code | Permanent Location | Current Location | Shelving location | Date acquired | Source of acquisition | Cost, normal purchase price | Total Checkouts | Full call number | Date last seen | Copy number | Koha item type |
|---|---|---|---|---|---|---|---|---|---|---|---|---|---|---|---|
| Dewey Decimal Classification | Not For Loan | Non-fiction | Central Library, University of Rajshahi | Central Library, University of Rajshahi | Reading Room | 27/06/2024 | Dhaka : Book Finder | 2039.00 | 800 BEI 2023 | 27/06/2024 | C-1 | Books | |||
| Dewey Decimal Classification | Non-fiction | Central Library, University of Rajshahi | Central Library, University of Rajshahi | General Stacks | 25/02/2024 | Dhaka : Book Finder | 2039.00 | 800 BEI 2023 | 27/06/2024 | C-2 | Books | ||||
| Dewey Decimal Classification | Non-fiction | Central Library, University of Rajshahi | Central Library, University of Rajshahi | General Stacks | 25/02/2024 | Dhaka : Book Finder | 2039.00 | 800 BEI 2023 | 27/06/2024 | C-3 | Books |